100 Biggest Cities in Nevada on a Map - Statistics

General Stats
  • This quiz has been taken 114 times
  • The average score is 30 of 100
Answers on the Map
Answers color-coded by a green-red scale on the quiz's map according to % correct below.
 
Answer Stats
Population City % Correct
641,903 Las Vegas
100%
317,610 Henderson
95%
58,639 Carson City
93%
262,527 North Las Vegas
93%
264,165 Reno
91%
20,564 Elko
78%
191,238 Paradise
76%
108,445 Sparks
76%
221,831 Enterprise
69%
14,885 Boulder City
65%
44,738 Pahrump
64%
3,924 Ely
62%
8,431 Winnemucca
62%
20,471 Mesquite
58%
215,597 Spring Valley
58%
205,618 Sunrise Manor
58%
4,512 West Wendover
49%
9,327 Fallon
45%
22,895 Fernley
45%
855 Jackpot
44%
3,705 Battle Mountain
42%
414 Eureka
40%
1,805 Lovelock
40%
2,179 Tonopah
40%
1,237 Wells
38%
8,658 Laughlin
36%
30,744 Summerlin South
36%
49,061 Whitney
36%
787 Virginia City
35%
445 Searchlight
33%
2,050 Carlin
31%
14,967 Spring Creek
31%
990 Caliente
29%
6,289 Moapa Valley
29%
36,403 Winchester
29%
3,118 Hawthorne
25%
17,314 Spanish Springs
25%
6,211 Gardnerville
24%
9,462 Incline Village
24%
1,010 McGill
24%
21,178 Sun Valley
24%
880 Beatty
22%
10,153 Cold Springs
22%
15,153 Dayton
22%
225 Goldfield
22%
4,379 Nellis AFB
22%
1,027 Owyhee
22%
595 Stateline
22%
3,121 Yerington
22%
785 Alamo
20%
268 Blue Diamond
20%
11,318 Gardnerville Ranchos
20%
4,987 Lemmon Valley
20%
3,442 Minden
20%
314 Mount Charleston
20%
933 Pioche
20%
5,629 Silver Springs
20%
1,396 Verdi
20%
1,069 Bunkerville
18%
281 Fallon Station
18%
267 Fort McDermitt
18%
1,580 Golden Valley
18%
912 Indian Springs
18%
211 Lund
18%
371 Ruth
18%
1,663 Sandy Valley
18%
1,343 Genoa
16%
5,962 Indian Hills
16%
1,258 Mogul
16%
668 Osino
16%
870 Panaca
16%
202 Topaz Lake
16%
512 Crescent Valley
15%
249 Humboldt River Ranch
15%
6,409 Johnson Lane
15%
2,313 Kingsbury
15%
991 Wadsworth
15%
679 Zephyr Cove
15%
1,064 Amargosa Valley
13%
585 Carter Springs
13%
684 Fish Springs
13%
991 Grass Valley
13%
210 Imlay
13%
1,006 Moapa Town
13%
2,022 Stagecoach
13%
1,630 Topaz Ranch Estates
13%
232 Dyer
11%
464 Nixon
11%
898 Round Hill Village
11%
3,074 Washoe Valley
11%
1,558 East Valley
9%
315 Glenbrook
9%
1,239 Ruhenstroth
9%
328 Skyland
9%
1,710 Smith Valley
9%
282 Sutcliffe
9%
247 Walker Lake
9%
337 Crystal Bay
7%
409 Lakeridge
7%
656 Schurz
7%
No matching quizzes found
Score Distribution
Percent of People with Each Score
Percentile by Number Answered
Your Score History
You have not taken this quiz